Diseño gráfico en Venezuela : (Record no. 20254)

MARC details
000 -CABECERA
campo de control de longitud fija 01456nam a2200337 4500
003 - IDENTIFICADOR DEL NÚMERO DE CONTROL
campo de control OSt
005 - FECHA Y HORA DE LA ÚLTIMA TRANSACCIÓN
campo de control 20260601171005.0
008 - DATOS DE LONGITUD FIJA--INFORMACIÓN GENERAL
campo de control de longitud fija 260507b1997\\\\ve\a||||\||||\00|\0\spa\d
020 ## - NÚMERO INTERNACIONAL ESTÁNDAR DEL LIBRO
Número Internacional Estándar del Libro 9802597457
040 ## - FUENTE DE LA CATALOGACIÓN
Centro catalogador/agencia de origen ICI
Lengua de catalogación spa
Centro/agencia transcriptor ICI
041 ## - CÓDIGO DE LENGUA
Código de lengua del texto/banda sonora o título independiente ve
050 ## - SIGNATURA TOPOGRÁFICA DE LA BIBLIOTECA DEL CONGRESO
Número de clasificación NC998.5
Número de documento/Ítem D57 1997
100 #1 - ENTRADA PRINCIPAL--NOMBRE DE PERSONA
Nombre de persona Centro de Arte La Estancia • PDVSA
9 (RLIN) 32151
245 #1 - MENCIÓN DE TÍTULO
Título Diseño gráfico en Venezuela :
Resto del título DGV 70.80.90.
250 ## - MENCIÓN DE EDICIÓN
Mención de edición Edición 1997.
264 ## - PRODUCCIÓN, PUBLICACIÓN, DISTRIBUCIÓN, FABRICACIÓN Y COPYRIGHT
Nombre del de productor, editor, distribuidor, fabricante Centro de Arte La Estancia (PDVSA),
Fecha de producción, publicación, distribución, fabricación o copyright 1997
300 ## - DESCRIPCIÓN FÍSICA
Extensión 192 páginas :
Otras características físicas ilustraciones a color ;
336 ## - TIPO DE CONTENIDO
Término de tipo de contenido texto
Fuente rdacontent
337 ## - TIPO DE MEDIO
Nombre/término del tipo de medio sin medio
Fuente rdamedia
338 ## - TIPO DE SOPORTE
Nombre/término del tipo de soporte volumen
Fuente rdacarrier
500 ## - NOTA GENERAL
Nota general Catálogo de exposición sobre diseño gráfico venezolano contemporáneo.
500 ## - NOTA GENERAL
Nota general Incluye obras y diseños de Nedo M.F., Gerd Leufert, Álvaro Sotillo y Santiago Pol, entre otros.
520 ## - SUMARIO, ETC.
Sumario, etc. Panorama histórico y visual del diseño gráfico en Venezuela durante las décadas de 1970, 1980 y 1990, con énfasis en identidad visual, cartelismo y comunicación gráfica contemporánea.
650 ## - PUNTO DE ACCESO ADICIONAL DE MATERIA--TÉRMINO DE MATERIA
Término de materia o nombre geográfico como elemento de entrada Graphic design
Subdivisión de forma Venezuela
Subdivisión general History
Subdivisión cronológica 20th century
9 (RLIN) 32152
650 ## - PUNTO DE ACCESO ADICIONAL DE MATERIA--TÉRMINO DE MATERIA
Término de materia o nombre geográfico como elemento de entrada Graphic artists
Subdivisión geográfica Venezuela.
9 (RLIN) 32153
650 ## - PUNTO DE ACCESO ADICIONAL DE MATERIA--TÉRMINO DE MATERIA
Término de materia o nombre geográfico como elemento de entrada Visual communication
Subdivisión de forma Venezuela.
9 (RLIN) 32154
650 ## - PUNTO DE ACCESO ADICIONAL DE MATERIA--TÉRMINO DE MATERIA
Término de materia o nombre geográfico como elemento de entrada Diseño gráfico
Subdivisión de forma Venezuela
Subdivisión general Historia
Subdivisión cronológica Siglo XX.
9 (RLIN) 32155
650 ## - PUNTO DE ACCESO ADICIONAL DE MATERIA--TÉRMINO DE MATERIA
Término de materia o nombre geográfico como elemento de entrada Diseñadores gráficos
Subdivisión geográfica Venezuela
9 (RLIN) 32156
710 ## - PUNTO DE ACCESO ADICIONAL--NOMBRE DE ENTIDAD CORPORATIVA
Nombre de entidad corporativa o nombre de jurisdicción como elemento de entrada Centro de Arte La Estancia (Venezuela),
Término indicativo de función/relación editor
9 (RLIN) 32157
942 ## - ELEMENTOS DE PUNTO DE ACCESO ADICIONAL (KOHA)
Fuente del sistema de clasificación o colocación Library of Congress Classification
Tipo de ítem Koha Libros
Suprimir en OPAC 1

No items available.